000 00592nam a2200193Ia 4500
005 20260114185556.0
008 008 260114s9999 xx 000 0 eng d
020 _a9781350078291
037 _aEBOOK
040 _aCRL
_beng
_cCRL
041 _aeng
_2eng
084 _qCRL
100 _aDeborah Simonton and Anne Montenach
_9871764
245 2 _aA Cultural History of Work in the Age of Enlightenment
260 _bBloomsbury
_c2020
856 _uhttps://doi.org/10.5040/9781350078291?locatt=label:secondary_bloomsburyCollections
942 _cEBOOK
999 _c1470712
_d1470712